| 000 | 02141cam a2200601 i 4500 | ||
|---|---|---|---|
| 001 | 9947 | ||
| 003 | KOSZ 005 | ||
| 005 | 20240517062803.0 | ||
| 008 | 240516s1978 pl a g 001 0 pol | ||
| 015 | _aUWD 1978/10278 | ||
| 035 | _a991018736819705066 | ||
| 035 | _a(PL-WaBN)b15079491-48omnis_nlop | ||
| 035 | _ab15079491 | ||
| 035 | _a(OCoLC)831035002 | ||
| 035 | _azz2003952910 | ||
| 035 | _a(PL)b0000001507949 | ||
| 035 | _a(EXLNZ-48OMNIS_NETWORK)9910117240105606 | ||
| 040 |
_aWA N _cWA N _dKOSZ 005/RW |
||
| 045 |
_bd1933 _bd1939 |
||
| 046 | _k1978 | ||
| 080 | _a94(438).081 | ||
| 080 | _a327.84(438) | ||
| 080 | _a355.40(438) | ||
| 100 | 1 |
_aGondek, Leszek _d(1939-2013) _eAutor |
|
| 245 | 1 | 0 |
_aWywiad polski w Trzeciej Rzeszy 1933-1939 : _bzarys struktury, taktyki i efektów obronnego działania / _cLeszek Gondek ; [przedmowa Eugeniusz Stanczykiewicz]. |
| 250 | _aWydanie I. | ||
| 260 |
_aWarszawa : _bWydawnictwo Ministerstwa Obrony Narodowej, _c1978. |
||
| 300 |
_a344, [4] strony, [1] karta tablic : _bmapa, tabele ; _c21 cm. |
||
| 336 |
_aTekst _btxt _2rdacontent |
||
| 337 |
_aBez urządzenia pośredniczącego _bn _2rdamedia |
||
| 338 |
_aWolumin _bnc _2rdacarrier |
||
| 380 | _aKsiążki | ||
| 380 | _aPublikacje naukowe | ||
| 388 | 1 | _a1901-2000 | |
| 388 | 1 | _a1945-1989 | |
| 504 | _aBibliografia na stronach 329-[334]. Indeksy. | ||
| 610 | 2 | 7 | _aOddział II Sztabu Generalnego Wojska Polskiego |
| 610 | 2 | 7 | _aWojsko Polskie (1918-1939) |
| 648 |
_a1901-2000 _2DBN |
||
| 648 |
_a1918-1939 _2DBN |
||
| 650 | 7 |
_aTrzecia Rzesza (1933-1945) _2DBN |
|
| 650 | 7 |
_aWywiad polski _2DBN |
|
| 651 | 7 |
_aNiemcy _2DBN |
|
| 651 | 7 |
_aPolska _2DBN |
|
| 655 | 7 | _aOpracowanie | |
| 658 | _aBezpieczeństwo i wojskowość | ||
| 658 | _aHistoria | ||
| 700 | 1 |
_aStanczykiewicz, Eugeniusz _ePrzedmowa |
|
| 710 | 2 |
_aWydawnictwo Ministerstwa Obrony Narodowej _4pbl |
|
| 856 |
_uhttps://koha.tu.koszalin.pl/cgi-bin/koha/opac-detail.pl?biblionumber=9947 _yKatalog online BPK |
||
| 942 |
_2UKD _cKS |
||
| 999 |
_c9947 _d9947 |
||